[Event "Mataro Vinas Memorial-B 13th"]
[Site "Mataro"]
[Date "2017.04.29"]
[Round "2.6"]
[White "Malea Collado, Francesc"]
[Black "Gracia Vila, Frederic"]
[Result "1-0"]
[WhiteElo "1227"]
[BlackElo "1548"]
[PlyCount "89"]
[EventDate "2017.04.22"]
[EventType "swiss"]
[EventRounds "8"]
[EventCountry "ESP"]
[SourceTitle "EXT 2024"]
[Source "ChessBase"]
[SourceDate "2023.10.10"]
[SourceVersion "1"]
[SourceVersionDate "2023.10.10"]
[SourceQuality "1"]

1. e4 c5 2. d3 Nc6 3. g3 g6 4. Nf3 Bg7 5. Nbd2 d6 6. Bg2 Nf6 7. 0-0 0-0 8. Re1 Be6 9. h3 Nd7 10. c3 Nde5 11. Nb3 Qc7 12. d4 Nxf3+ 13. Qxf3 Bxb3 14. axb3 cxd4 15. Bd2 Ne5 16. Qe2 dxc3 17. bxc3 a6 18. Rac1 Rac8 19. f4 Nc6 20. h4 Na5 21. Qd1 Qd7 22. Kh2 Rc7 23. Be3 Bxc3 24. Bb6 Rcc8 25. Rxc3 Rxc3 26. Bxa5 Rc5 27. Bb4 Rb5 28. Bc3 Qc7 29. Bb2 Rc8 30. Re2 Rc5 31. e5 Rc2 32. exd6 exd6 33. Qd4 Rxb2 34. Qxb2 Qd8 35. Bxb7 Rb8 36. Bxa6 Qb6 37. Bc4 Qd8 38. f5 g5 39. h5 h6 40. f6 d5 41. Rd2 d4 42. Re2 Qxf6 43. Rf2 Qe5 44. Rxf7 Kh8 45. Rd7 1-0

[Event "Llinars del Valles op-B 9th"]
[Site "Llinars del Valles"]
[Date "2015.06.13"]
[Round "9"]
[White "Berbel Gutierrez, Jose Guillermo"]
[Black "Malea Collado, Francesc"]
[Result "1-0"]
[WhiteElo "1796"]
[BlackElo "1700"]
[PlyCount "125"]
[EventDate "2015.04.11"]
[EventType "swiss"]
[EventRounds "9"]
[EventCountry "ESP"]
[SourceTitle "EXT 2018"]
[Source "ChessBase"]
[SourceDate "2017.10.13"]
[SourceVersion "1"]
[SourceVersionDate "2017.10.13"]
[SourceQuality "1"]

1. d4 Nf6 2. c4 g6 3. Nc3 Bg7 4. e4 d6 5. Nf3 0-0 6. Be2 Nbd7 7. Bg5 h6 8. Be3 Ng4 9. Bf4 g5 10. h3 Ngf6 11. Be3 e5 12. d5 b6 13. Qd2 Nc5 14. Qc2 Bb7 15. g4 c6 16. h4 Nxg4 17. hxg5 Nxe3 18. fxe3 hxg5 19. 0-0-0 f6 20. Rdg1 Kf7 21. Rf1 Rh8 22. Nxg5+ Ke7 23. Ne6 Nxe6 24. dxe6 Kxe6 25. Bg4+ Ke7 26. Rhg1 Bh6 27. Qf2 Qf8 28. Kc2 Bg5 29. Qf5 Bc8 30. Qf3 Bxg4 31. Rxg4 Qf7 32. Rxg5 Rh2+ 33. Rg2 Rxg2+ 34. Qxg2 Qxc4 35. Qg7+ Qf7 36. Qxf7+ Kxf7 37. Rg1 Ke6 38. Rg6 a5 39. Ne2 d5 40. exd5+ cxd5 41. Kd3 Rc8 42. Nc3 Rc4 43. Rg8 e4+ 44. Ke2 d4 45. exd4 Rxd4 46. Ke3 Rb4 47. b3 f5 48. Re8+ Kf6 49. Nd5+ Kf7 50. Nxb4 Kxe8 51. Nd5 b5 52. Kf4 Kd7 53. Kxf5 e3 54. Nxe3 Kc6 55. Ke5 Kc5 56. Nc2 a4 57. Ke4 b4 58. bxa4 Kb6 59. Kd4 Ka5 60. Kc4 Kxa4 61. Nxb4 Ka3 62. Kb5 Kb2 63. a4 1-0

[Event "Mataro op 11th"]
[Site "Mataro"]
[Date "2014.11.01"]
[Round "6"]
[White "Vera Domingo, Salvador"]
[Black "Malea Collado, Francesc"]
[Result "1-0"]
[WhiteElo "1712"]
[BlackElo "1700"]
[PlyCount "87"]
[EventDate "2014.09.27"]
[EventType "swiss"]
[EventRounds "9"]
[EventCountry "ESP"]
[SourceTitle "EXT 2016"]
[Source "ChessBase"]
[SourceDate "2015.10.08"]
[SourceVersion "1"]
[SourceVersionDate "2015.10.08"]
[SourceQuality "1"]

1. e4 e5 2. Nf3 Nc6 3. Bc4 Bc5 4. c3 Nf6 5. d4 exd4 6. cxd4 Bb4+ 7. Bd2 Nxe4 8. 0-0 Nxd2 9. Nbxd2 0-0 10. a3 Be7 11. b4 Bf6 12. Ne4 d5 13. Nxf6+ Qxf6 14. Bxd5 Rd8 15. Bxc6 bxc6 16. h3 Bb7 17. Rc1 c5 18. Rxc5 Bxf3 19. Qxf3 Qxf3 20. gxf3 Rac8 21. d5 Rd6 22. Re1 Kf8 23. b5 a6 24. a4 a5 25. Rec1 Rcd8 26. Rd1 R8d7 27. f4 Ke8 28. Kg2 Kd8 29. Kf3 Re7 30. Rc6 Kc8 31. Rxd6 cxd6 32. Rc1+ Rc7 33. Rxc7+ Kxc7 34. Ke4 g6 35. f5 Kb6 36. fxg6 fxg6 37. Kd4 h5 38. Kc4 h4 39. Kd4 g5 40. f3 Kc7 41. Ke4 Kb6 42. Kf5 Kb7 43. Ke6 Kc7 44. b6+ 1-0

[Event "Llinars del Valles op-B 8th"]
[Site "Llinars del Valles"]
[Date "2014.05.03"]
[Round "2"]
[White "Malea Collado, Francesc"]
[Black "Las Heras Aixandri, Sara"]
[Result "0-1"]
[WhiteElo "1700"]
[BlackElo "1873"]
[PlyCount "62"]
[EventDate "2014.04.26"]
[EventType "swiss"]
[EventRounds "8"]
[EventCountry "ESP"]
[SourceTitle "EXT 2015"]
[Source "ChessBase"]
[SourceDate "2014.11.20"]
[SourceVersion "1"]
[SourceVersionDate "2014.11.20"]
[SourceQuality "1"]

1. d4 Nf6 2. c4 c5 3. d5 b5 4. e3 d6 5. Nc3 b4 6. Nb1 g6 7. a3 Qa5 8. Bd2 Bg7 9. Ra2 0-0 10. Bd3 Ng4 11. Qb3 Ne5 12. Be2 Qb6 13. axb4 Bf5 14. Ra1 a5 15. b5 a4 16. Qd1 Bd3 17. Nc3 Bxc4 18. b3 Bxb3 19. Qb1 Qa5 20. Nxa4 Qc7 21. Qxb3 Nd3+ 22. Bxd3 Bxa1 23. Bc3 Rxa4 24. Qxa4 Bxc3+ 25. Ke2 Nd7 26. Nf3 Nb6 27. Qb3 Bg7 28. Rc1 Rc8 29. e4 c4 30. Qa2 cxd3+ 31. Kd1 Qxc1# 0-1